[Event "Open Portugal 2019"]
[Site "Lisboa POR"]
[Date "2019.02.06"]
[Round "6.90"]
[White "Ladisic, Alex-Sacha"]
[Black "Marques, Afonso"]
[Result "1-0"]
[WhiteElo "1934"]
[BlackElo "1662"]
[WhiteFideId "610631"]
[BlackFideId "1947184"]
[WhiteCountry "FRA"]
[BlackCountry "POR"]
[PlyCount "87"]
[EventDate "2019.02.02"]

1. e4 c5 2. Nf3 Nc6 3. Bb5 g6 4. O-O Bg7 5. c3 Nf6 6. Re1 O-O 7. h3 d6 8. d4
cxd4 9. cxd4 Bd7 10. Nc3 Rc8 11. Be3 a6 12. Bd3 b5 13. Rc1 Rb8 14. b3 Qa5 15.
Qd2 Rfc8 16. e5 Ne8 17. Bh6 dxe5 18. Bxg7 Nxg7 19. Qh6 f6 20. dxe5 Nxe5 21. Rxe5
Be6 22. Rxe6 Nxe6 23. Qe3 Rxc3 24. Qxe6+ Kf8 25. Rxc3 Qxc3 26. Be4 Qc1+ 27. Kh2
Qc7+ 28. g3 Qd6 29. Qxd6 exd6 30. Kg2 Ke7 31. Nd4 Rb6 32. b4 d5 33. Bd3 Kd6 34.
Kf3 Rb8 35. Nb3 Re8 36. Nc5 Ke5 37. Nxa6 Ra8 38. Bxb5 d4 39. Bd3 Rc8 40. Nc5 Kd5
41. a4 Rb8 42. Na6 Rb6 43. a5 Rb7 44. Be4+ 1-0

[Event "Open Portugal 2019"]
[Site "Lisboa POR"]
[Date "2019.02.06"]
[Round "6.91"]
[White "Candeias, Humberto"]
[Black "Haynes, Noah"]
[Result "1/2-1/2"]
[WhiteElo "1932"]
[BlackElo "1658"]
[WhiteFideId "1903454"]
[BlackFideId "1543172"]
[WhiteCountry "POR"]
[BlackCountry "NOR"]
[PlyCount "81"]
[EventDate "2019.02.02"]

1. e4 c5 2. Nc3 Nc6 3. g3 g6 4. Bg2 Bg7 5. d3 d6 6. Nge2 Rb8 7. O-O b5 8. f4 Bd7
9. e5 dxe5 10. fxe5 Bxe5 11. Bf4 Bxf4 12. Nxf4 Nf6 13. Ncd5 O-O 14. Nxf6+ exf6
15. Nd5 f5 16. Qd2 Be6 17. Nf4 Ne7 18. Rae1 Rb6 19. a3 Qd4+ 20. Qe3 Rd8 21. c3
Qxe3+ 22. Rxe3 g5 23. Nh3 h6 24. Rfe1 a5 25. Nf2 c4 26. d4 b4 27. axb4 axb4 28.
Re5 bxc3 29. bxc3 Nd5 30. Nd1 Rb3 31. Ne3 Nxe3 32. R1xe3 f4 33. gxf4 gxf4 34.
Rf3 Bd5 35. Rxf4 Bxg2 36. Kxg2 Rxc3 37. Rc5 Ra8 38. Rf3 Ra2+ 39. Kg3 Rxf3+ 40.
Kxf3 Rxh2 41. Rxc4 1/2-1/2

[Event "Open Portugal 2019"]
[Site "Lisboa POR"]
[Date "2019.02.06"]
[Round "6.92"]
[White "Woithe, Daniel"]
[Black "Vedor, Bernardo"]
[Result "1-0"]
[WhiteElo "1921"]
[BlackElo "1650"]
[WhiteFideId "16244648"]
[BlackFideId "1953540"]
[WhiteCountry "GER"]
[BlackCountry "POR"]
[PlyCount "63"]
[EventDate "2019.02.02"]

1. e4 e5 2. Nf3 Nc6 3. Bc4 Bc5 4. c3 Nf6 5. d3 d6 6. O-O O-O 7. Bb3 h6 8. Nbd2
Re8 9. h3 a6 10. Re1 Ba7 11. Nf1 Ne7 12. Ng3 Ng6 13. Be3 Bxe3 14. fxe3 Be6 15.
Bc2 Qd7 16. Qd2 c6 17. d4 Rad8 18. Rad1 Qc7 19. Bb1 Qa5 20. b3 Rc8 21. Nf5 Red8
22. Qb2 Qb6 23. Kh1 a5 24. Rd2 Rd7 25. c4 Rdd8 26. Nxd6 Qc7 27. Nxc8 Qxc8 28.
dxe5 Rxd2 29. Qxd2 Nh5 30. Kh2 Qe8 31. Rd1 Bxh3 32. Qd8 1-0

[Event "Open Portugal 2019"]
[Site "Lisboa POR"]
[Date "2019.02.06"]
[Round "6.93"]
[White "Yushko, Igor"]
[Black "Casagrande, Federico"]
[Result "0-1"]
[WhiteElo "1389"]
[BlackElo "1911"]
[WhiteFideId "14156270"]
[BlackFideId "2827137"]
[WhiteCountry "UKR"]
[BlackCountry "ITA"]
[PlyCount "92"]
[EventDate "2019.02.02"]

1. e4 c6 2. d4 d5 3. exd5 cxd5 4. Nc3 Nc6 5. Bb5 Nf6 6. h3 g6 7. Nge2 Bg7 8. O-O
O-O 9. Be3 a6 10. Bxc6 bxc6 11. Qd2 Rb8 12. Rab1 Re8 13. f4 h5 14. Ng3 Bd7 15.
Na4 Qc8 16. Nc5 h4 17. Nxd7 Qxd7 18. Ne2 Ne4 19. Qe1 Bf6 20. Bf2 Qf5 21. Be3 Nd6
22. Qc3 c5 23. Qd3 Qxd3 24. cxd3 Nf5 25. Bf2 cxd4 26. b3 Rec8 27. Rbc1 Kf8 28.
g4 hxg3 29. Nxg3 Nxg3 30. Bxg3 Rc3 31. f5 Rbc8 32. Rxc3 dxc3 33. fxg6 Bg5 34.
Be5 f6 35. h4 Bxh4 36. Bf4 c2 37. Bh6+ Kg8 38. Kg2 Bg5 39. Bxg5 fxg5 40. Rc1 Kg7
41. Kf2 Kxg6 42. Ke2 Kf5 43. Rf1+ Kg6 44. Kd2 g4 45. Rg1 Kf5 46. Rf1+ Kg5 0-1

[Event "Open Portugal 2019"]
[Site "Lisboa POR"]
[Date "2019.02.06"]
[Round "6.94"]
[White "Marques, Ricardo T T"]
[Black "Gonçalves, Samuel"]
[Result "1-0"]
[WhiteElo "1911"]
[BlackElo "1637"]
[WhiteFideId "1949438"]
[BlackFideId "1945130"]
[WhiteCountry "POR"]
[BlackCountry "POR"]
[PlyCount "101"]
[EventDate "2019.02.02"]

1. e4 c6 2. d4 d5 3. e5 Bf5 4. Nf3 e6 5. Be2 Nd7 6. O-O Ne7 7. Nbd2 Rc8 8. Nh4
Bg6 9. Nxg6 hxg6 10. Nf3 a6 11. g3 c5 12. c3 Nc6 13. Kg2 Be7 14. h4 b5 15. Rh1
Qb6 16. Bf4 c4 17. Ng5 Nf8 18. h5 Nd8 19. hxg6 Rxh1 20. Qxh1 Nxg6 21. Be3 Kd7
22. Qh7 b4 23. Qxg7 Bf8 24. Qh7 bxc3 25. Nxf7 cxb2 26. Rb1 Nxf7 27. Qxg6 Nd8 28.
Qc2 Rb8 29. Bd2 Nc6 30. Bc3 Nxd4 31. Qh7+ Be7 32. Rxb2 Qxb2 33. Bxb2 Rxb2 34.
Bd1 Rxa2 35. Qb1 Rd2 36. Ba4+ Nb5 37. Bxb5+ axb5 38. Qxb5+ Kc8 39. Qe8+ Bd8 40.
Qxe6+ Kb7 41. Qd7+ Bc7 42. e6 c3 43. e7 c2 44. e8=Q c1=Q 45. Qdc8+ Kb6 46. Qe3+
d4 47. Qb3+ Kc6 48. Qbe6+ Kb5 49. Qb7+ Ka4 50. Qeb3+ Ka5 51. Q3b4# 1-0

[Event "Open Portugal 2019"]
[Site "Lisboa POR"]
[Date "2019.02.06"]
[Round "6.96"]
[White "Morais, Vítor"]
[Black "Barros, Arlindo"]
[Result "1-0"]
[WhiteElo "1898"]
[BlackElo "1603"]
[WhiteFideId "1900552"]
[BlackFideId "23600640"]
[WhiteTitle "NM"]
[WhiteCountry "POR"]
[BlackCountry "CPV"]
[PlyCount "168"]
[EventDate "2019.02.02"]

1. Nf3 d5 2. c4 c6 3. b3 Bf5 4. Bb2 e6 5. g3 h6 6. Bg2 Nf6 7. O-O Be7 8. d3 O-O
9. Nbd2 Nbd7 10. Re1 Re8 11. e4 dxe4 12. dxe4 Bg6 13. Qe2 Qc7 14. Rad1 Rad8 15.
e5 Nh7 16. Ne4 Bxe4 17. Qxe4 Ng5 18. Nxg5 Bxg5 19. f4 Be7 20. h3 Bc5+ 21. Kh2
Nf8 22. a3 Rxd1 23. Rxd1 Rd8 24. Rd3 Rxd3 25. Qxd3 Qd7 26. Be4 Qxd3 27. Bxd3 a6
28. Kg2 Ng6 29. Kf3 Ne7 30. g4 g6 31. Ke4 Kg7 32. b4 Bf2 33. Bd4 Bxd4 34. Kxd4
b6 35. Be4 Kf8 36. a4 Ke8 37. a5 bxa5 38. bxa5 Kd7 39. Kc5 Kc7 40. Bf3 g5 41.
fxg5 hxg5 42. Be4 Ng6 43. Bxc6 Nxe5 44. Be4 Nd7+ 45. Kd4 f6 46. Bg2 Ne5 47. Kc5
Nd3+ 48. Kd4 Nb4 49. Kc5 Nd3+ 50. Kd4 Nf4 51. Bf1 Kc6 52. c5 e5+ 53. Ke4 Kxc5
54. Bxa6 Nd5 55. Bb7 Ne7 56. a6 Kb6 57. Kf3 Nc6 58. Ke4 Na5 59. Bd5 Nc6 60. Bc4
Kc5 61. Bf1 Kd6 62. Kf5 Ke7 63. Bg2 Nd4+ 64. Ke4 Nb5 65. Kd3 Kd6 66. Kc4 Na7 67.
Bb7 Nc6 68. Kb5 Nd4+ 69. Kb6 Ne6 70. a7 Nc7 71. a8=Q Nxa8+ 72. Bxa8 e4 73. Bxe4
Ke5 74. Bf5 Kd6 75. Kb7 Ke7 76. Kc7 Kf7 77. Kd7 Kg7 78. Ke7 Kh6 79. Bd7 Kg6 80.
Be8+ Kg7 81. Bh5 Kh6 82. Kxf6 Kh7 83. Kxg5 Kg7 84. Be8 Kf8 1-0

[Event "Open Portugal 2019"]
[Site "Lisboa POR"]
[Date "2019.02.06"]
[Round "6.97"]
[White "Nikula, Mikko"]
[Black "Oliveira, Fernando Alves"]
[Result "0-1"]
[WhiteElo "1889"]
[BlackElo "1575"]
[WhiteFideId "505277"]
[BlackFideId "1947869"]
[WhiteCountry "FIN"]
[BlackCountry "POR"]
[PlyCount "76"]
[EventDate "2019.02.02"]

1. e4 d5 2. exd5 Qxd5 3. Nc3 Qd8 4. d4 Bf5 5. Bc4 e6 6. Nf3 Nf6 7. Qe2 Be7 8.
Bf4 c6 9. h3 Nd5 10. Nxd5 exd5 11. Bd3 Bxd3 12. Qxd3 O-O 13. O-O-O Nd7 14. Kb1
a5 15. g4 Nf6 16. Ne5 Ne4 17. Be3 f6 18. Nf3 a4 19. Nd2 Nd6 20. c4 b5 21. cxd5
cxd5 22. h4 Nc4 23. Ka1 a3 24. b3 Nb2 25. Qxb5 Rb8 26. Qc6 Rb6 27. Qc2 Nxd1 28.
Rxd1 Qd7 29. Qf5 Qb5 30. Rc1 Rc6 31. Rxc6 Qxc6 32. Nb1 Bb4 33. Qd3 Rc8 34. Bf4
Re8 35. Be3 Rc8 36. Bf4 Qc2 37. Qxc2 Rxc2 38. Be3 Re2 0-1

[Event "Open Portugal 2019"]
[Site "Lisboa POR"]
[Date "2019.02.06"]
[Round "6.98"]
[White "Hansen, Verner"]
[Black "Antunes, André"]
[Result "1-0"]
[WhiteElo "1874"]
[BlackElo "1518"]
[WhiteFideId "1425285"]
[BlackFideId "1936328"]
[WhiteCountry "DEN"]
[BlackCountry "POR"]
[PlyCount "87"]
[EventDate "2019.02.02"]

1. e4 c5 2. Nc3 Nc6 3. d3 g6 4. g3 Bg7 5. Bg2 d6 6. f4 e6 7. Be3 Nge7 8. Nf3 O-O
9. O-O a6 10. Rb1 Bd7 11. Ne2 Rc8 12. c3 b5 13. d4 cxd4 14. cxd4 d5 15. e5 Nf5
16. Bf2 Na5 17. b3 Nc6 18. g4 Nfe7 19. Nh4 Nb4 20. Qd2 a5 21. Rb2 Nbc6 22. Be3
b4 23. Ng3 Bh6 24. f5 Bxe3+ 25. Qxe3 exf5 26. gxf5 Bxf5 27. Nhxf5 Nxf5 28. Nxf5
gxf5 29. Rxf5 Qh4 30. Rf4 Qg5 31. Qf3 Kh8 32. Rf2 Nd8 33. Rg4 Qh6 34. Qf4 Rc1+
35. Rf1 Qxf4 36. Rgxf4 Rxf1+ 37. Kxf1 Ne6 38. Rh4 Rd8 39. Ke2 Kg7 40. Kd3 Kg6
41. Bf3 Ng5 42. Bh5+ Kf5 43. Ke3 Rc8 44. Bg4+ 1-0

[Event "Open Portugal 2019"]
[Site "Lisboa POR"]
[Date "2019.02.06"]
[Round "6.100"]
[White "Avelino, Camila"]
[Black "Thibault, Pierre-Olivier"]
[Result "1-0"]
[WhiteElo "1689"]
[BlackElo "1994"]
[WhiteFideId "1938975"]
[BlackFideId "20606184"]
[WhiteCountry "POR"]
[BlackCountry "FRA"]
[PlyCount "113"]
[EventDate "2019.02.02"]

1. e4 c5 2. Nf3 d6 3. d4 Nf6 4. Nc3 cxd4 5. Nxd4 a6 6. Bc4 e6 7. Bb3 b5 8. a3
Be7 9. O-O Qd7 10. f4 Nc6 11. Kh1 g6 12. f5 gxf5 13. exf5 e5 14. Ne6 Rg8 15. Ng5
Rg7 16. Nce4 Nd4 17. Bxf7+ Kd8 18. Be6 Qc6 19. Nxf6 Bxf6 20. Bxc8 Bxg5 21. Rf2
Kxc8 22. c3 Bxc1 23. cxd4 Bf4 24. Rc2 Kb7 25. Rxc6 Kxc6 26. Qf3+ d5 27. dxe5
Bxe5 28. Rd1 Rd8 29. b4 Bf6 30. Qe3 Re7 31. Qc5+ Kb7 32. Rc1 Bg5 33. Rf1 d4 34.
g4 Rc7 35. Qe5 Re7 36. Qg3 Re3 37. Qg2+ Kb6 38. f6 d3 39. f7 Re2 40. f8=Q Rxf8
41. Rxf8 Rxg2 42. Kxg2 Bc1 43. Rd8 Bxa3 44. Rxd3 Bxb4 45. Rd7 h6 46. Kf3 a5 47.
Ke2 Kc6 48. Rh7 Bf8 49. Rf7 Bd6 50. Rf6 a4 51. Kd3 Kc5 52. Rxh6 a3 53. Kc2 Bf4
54. g5 Kd5 55. Rh4 Be5 56. Kb3 Ke6 57. Re4 1-0

[Event "Open Portugal 2019"]
[Site "Lisboa POR"]
[Date "2019.02.06"]
[Round "6.101"]
[White "Barbier, Astrid"]
[Black "Mendes, Alberto"]
[Result "1-0"]
[WhiteElo "1945"]
[BlackElo "1635"]
[WhiteFideId "200395"]
[BlackFideId "1901699"]
[WhiteCountry "BEL"]
[BlackCountry "POR"]
[PlyCount "103"]
[EventDate "2019.02.02"]

1. e4 e5 2. Nf3 d6 3. d4 exd4 4. Nxd4 Nf6 5. Bd3 Be7 6. O-O O-O 7. c3 c5 8. Ne2
Qc7 9. Ng3 Re8 10. Nd2 Nbd7 11. f4 g6 12. c4 Bf8 13. Rb1 Bg7 14. Nf3 Nf8 15. Bd2
Bg4 16. h3 Bxf3 17. Qxf3 N6d7 18. Ne2 Ne6 19. Bc3 Bxc3 20. Nxc3 Nd4 21. Qf2 Qd8
22. Rbe1 Nc6 23. Bb1 b6 24. Nb5 Nf6 25. e5 dxe5 26. Rd1 Nd4 27. fxe5 Rxe5 28.
Nxd4 cxd4 29. Rxd4 Qe7 30. Qxf6 Qxf6 31. Rxf6 Re1+ 32. Rf1 Rae8 33. Rd1 Rxf1+
34. Kxf1 Re7 35. Kf2 h5 36. Kf3 Kg7 37. Be4 Rc7 38. b3 Re7 39. Bd5 Rc7 40. Re1
Kf8 41. Kf4 f6 42. Re6 Kg7 43. h4 Rd7 44. g4 hxg4 45. Kxg4 b5 46. h5 gxh5+ 47.
Kxh5 bxc4 48. bxc4 a5 49. Kg4 Kg6 50. Ra6 Re7 51. Rxa5 f5+ 52. Kf4 1-0

[Event "Open Portugal 2019"]
[Site "Lisboa POR"]
[Date "2019.02.06"]
[Round "6.102"]
[White "Serafim Junior, Arnor"]
[Black "Santos, Ana P"]
[Result "1/2-1/2"]
[WhiteElo "1876"]
[BlackElo "1563"]
[WhiteFideId "2130750"]
[BlackFideId "1921550"]
[WhiteCountry "BRA"]
[BlackCountry "POR"]
[PlyCount "150"]
[EventDate "2019.02.02"]

1. Nf3 Nf6 2. g3 d5 3. Bg2 c6 4. d3 Bg4 5. O-O Nbd7 6. Nbd2 e6 7. b3 Be7 8. Bb2
O-O 9. e4 Nc5 10. Qe1 Bxf3 11. Bxf3 Nfd7 12. Qe2 Qc7 13. exd5 cxd5 14. c4 Bf6
15. d4 Rfe8 16. Rab1 Na6 17. cxd5 exd5 18. Qb5 Nb6 19. Rbc1 Qd6 20. a3 Nc7 21.
Qc5 Qxc5 22. dxc5 Bxb2 23. Rc2 Bxa3 24. cxb6 Nb5 25. Bxd5 axb6 26. Bxb7 Ra7 27.
Bc6 Rc8 28. Be4 Rxc2 29. Bxc2 Nd4 30. Re1 g6 31. Re8+ Kg7 32. Be4 Bb4 33. Nc4
Nxb3 34. Nxb6 Bc5 35. Nc4 Ra2 36. Ne3 Nd4 37. Bd5 Ne2+ 38. Kf1 Rd2 39. Bc4 Nc3
40. Re5 Bxe3 41. Rxe3 Rd1+ 42. Kg2 Nd5 43. Re5 Nf6 44. Kf3 h6 45. Re7 Rd7 46.
Re5 g5 47. h3 Kg6 48. g4 Ra7 49. Re3 h5 50. Bd3+ Kh6 51. Bf5 h4 52. Rb3 Kg7 53.
Be4 Ra4 54. Bc6 Rf4+ 55. Kg2 Ne4 56. Bxe4 Rxe4 57. Kf3 Rf4+ 58. Kg2 Kf6 59. Rb6+
Ke5 60. Rb7 Ke6 61. Rb5 Kf6 62. Rb3 Ke5 63. Re3+ Re4 64. Rf3 Rf4 65. Re3+ Re4
66. Rb3 Rf4 67. Rb8 Ke4 68. Re8+ Kd3 69. Re5 f6 70. Re8 Kd2 71. Re3 Kd1 72. Re6
Kd2 73. Re3 Kd1 74. Rf3 Ke2 75. Re3+ Kd2 1/2-1/2

[Event "Open Portugal 2019"]
[Site "Lisboa POR"]
[Date "2019.02.06"]
[Round "6.103"]
[White "Guia, Artur"]
[Black "Castanheira, António"]
[Result "1/2-1/2"]
[WhiteElo "1686"]
[BlackElo "1875"]
[WhiteFideId "1946781"]
[BlackFideId "1901788"]
[WhiteCountry "POR"]
[BlackCountry "POR"]
[PlyCount "77"]
[EventDate "2019.02.02"]

1. d4 d5 2. Bf4 Nf6 3. Nf3 e6 4. e3 c5 5. c3 Nc6 6. Nbd2 Be7 7. Bd3 Nh5 8. Bg3
Nxg3 9. hxg3 cxd4 10. exd4 g6 11. Qc2 O-O 12. O-O-O Bd7 13. Rh6 Kg7 14. Rdh1 Rh8
15. Kb1 Rc8 16. Qd1 Bf6 17. Qe2 a6 18. Nb3 b5 19. Ne5 Nxe5 20. dxe5 Bg5 21. R6h3
Qb6 22. Qg4 Be7 23. f4 a5 24. Rh6 Rcg8 25. Nd4 Kf8 26. Rxh7 Rxh7 27. Rxh7 b4 28.
Ne2 a4 29. Qf3 bxc3 30. Nxc3 a3 31. Nd1 axb2 32. Qf2 Bc5 33. Qxb2 Qc7 34. Nc3
Ke7 35. Nb5 Bxb5 36. Bxb5 Rb8 37. a4 Qb6 38. Qe2 Rg8 39. Ka2 1/2-1/2

[Event "Open Portugal 2019"]
[Site "Lisboa POR"]
[Date "2019.02.06"]
[Round "6.104"]
[White "Pereira, André Marques"]
[Black "Elias, Benjamim"]
[Result "0-1"]
[WhiteElo "1604"]
[BlackElo "1819"]
[WhiteFideId "2116774"]
[BlackFideId "1903578"]
[WhiteCountry "POR"]
[BlackCountry "POR"]
[PlyCount "198"]
[EventDate "2019.02.02"]

1. d4 Nf6 2. Nf3 d6 3. e3 Nbd7 4. Be2 c6 5. c4 h6 6. Nc3 e5 7. O-O g5 8. dxe5
dxe5 9. a3 Qc7 10. e4 Bg7 11. b4 Nf8 12. b5 Ng6 13. bxc6 bxc6 14. Qa4 O-O 15.
Qc2 Be6 16. Bxg5 hxg5 17. Nxg5 Rfe8 18. Nxe6 Rxe6 19. g3 Bh6 20. h4 Nf8 21. g4
N6d7 22. g5 Bg7 23. Bg4 Ree8 24. Qd3 Nc5 25. Qh3 Nfe6 26. Bxe6 Nxe6 27. Qg4 Nf4
28. h5 Qc8 29. Qxc8 Raxc8 30. h6 Bf8 31. Kh2 Bc5 32. Nd1 Rb8 33. Ne3 Bxe3 34.
fxe3 Rb2+ 35. Kg3 Ne6 36. Rf5 Rd8 37. Rg1 Rb3 38. Kg4 Rd7 39. Rf3 Nf8 40. Rh3
Kh7 41. Rf3 c5 42. Rgf1 Rdb7 43. a4 Ng6 44. a5 Nh8 45. Rf6 R3b4 46. Rc1 Rb2 47.
Rf3 Rg2+ 48. Rg3 Rxg3+ 49. Kxg3 Kg6 50. Rf1 Kxg5 51. Rf5+ Kg6 52. Rxe5 Rc7 53.
Kg4 Kxh6 54. Rf5 Ng6 55. e5 Kg7 56. e4 Rc6 57. Rg5 Re6 58. Kg3 Rxe5 59. Rg4 Kf6
60. Kf3 Re6 61. Rg1 Rd6 62. Rb1 Rd7 63. Rb5 Rc7 64. a6 Rc6 65. Ke3 Ne5 66. Kf4
Nxc4 67. Rb7 Rxa6 68. Rc7 Ra5 69. Rc6+ Ke7 70. e5 Nb6 71. Kf5 c4 72. Rc7+ Nd7
73. Rxc4 Rxe5+ 74. Kg4 Re6 75. Ra4 a6 76. Kg3 Nc5 77. Ra1 Re5 78. Kf4 f6 79. Kg3
Rd5 80. Re1+ Kf7 81. Kh4 Rd7 82. Kh5 Ra7 83. Kh6 Ne6 84. Kh5 a5 85. Kg4 a4 86.
Rh1 a3 87. Kf5 Ng7+ 88. Ke4 a2 89. Ra1 Ra3 90. Kf4 Ne6+ 91. Kf5 Nc5 92. Rc1 Ra5
93. Rh1 a1=Q 94. Rh7+ Kg8 95. Rh4 Qe5+ 96. Kg4 Qg5+ 97. Kf3 Ra3+ 98. Ke2 Qg2+
99. Kd1 Ra1# 0-1

[Event "Open Portugal 2019"]
[Site "Lisboa POR"]
[Date "2019.02.06"]
[Round "6.105"]
[White "Næss, Sara"]
[Black "Almeida, Rui Pedro"]
[Result "1/2-1/2"]
[WhiteElo "1815"]
[BlackElo "1583"]
[WhiteFideId "1516191"]
[BlackFideId "1949616"]
[WhiteCountry "NOR"]
[BlackCountry "POR"]
[PlyCount "80"]
[EventDate "2019.02.02"]

1. e4 c5 2. Nf3 Nc6 3. d4 cxd4 4. Nxd4 Nf6 5. Nc3 d6 6. Be2 e6 7. O-O Be7 8. Be3
O-O 9. f4 Bd7 10. Bf3 a6 11. Qe1 Rc8 12. Rd1 Qc7 13. Qg3 Rfe8 14. f5 Nxd4 15.
Bxd4 exf5 16. Nd5 f4 17. Nxc7 fxg3 18. Nxe8 gxh2+ 19. Kxh2 Rxe8 20. e5 dxe5 21.
Bxe5 Ng4+ 22. Bxg4 Bxg4 23. Rde1 Be6 24. a3 h6 25. g3 Bg5 26. Bc3 Rd8 27. Re4
Rc8 28. Rb4 b5 29. Re4 Bd5 30. Rd4 Be6 31. Rd6 Ra8 32. Bd2 Be7 33. Rd4 Bc5 34.
Rdf4 Bd6 35. Re4 Rc8 36. c3 Rc5 37. Bf4 Rh5+ 38. Kg1 Bc5+ 39. Be3 Bd6 40. Bf4
Bc5+ 1/2-1/2

[Event "Open Portugal 2019"]
[Site "Lisboa POR"]
[Date "2019.02.06"]
[Round "6.106"]
[White "Florissi, Aldo"]
[Black "Skjølingstad, Sverre"]
[Result "0-1"]
[WhiteElo "1468"]
[BlackElo "1782"]
[WhiteFideId "28513428"]
[BlackFideId "1519913"]
[WhiteCountry "ITA"]
[BlackCountry "NOR"]
[PlyCount "80"]
[EventDate "2019.02.02"]

1. e4 c5 2. Nf3 e6 3. g3 Nc6 4. Bg2 Nf6 5. Nc3 d5 6. e5 Nd7 7. Qe2 Qc7 8. O-O
Ndxe5 9. Re1 Nxf3+ 10. Bxf3 Nd4 11. Qd1 Nxf3+ 12. Qxf3 Be7 13. d3 O-O 14. Bf4
Qd7 15. Qg4 Bf6 16. Be5 Bxe5 17. Rxe5 f6 18. Re2 d4 19. Nd1 e5 20. Qxd7 Bxd7 21.
f3 Bc6 22. Rf2 f5 23. c3 Rae8 24. cxd4 cxd4 25. Rc1 Bd5 26. b3 Rc8 27. Rxc8 Rxc8
28. Kg2 Kf7 29. Nb2 b5 30. a4 a6 31. b4 Rc3 32. Rd2 Rb3 33. axb5 axb5 34. Rc2
Rxb4 35. Nd1 Rb3 36. Nf2 Rc3 37. Rb2 Bb3 38. h4 Ba4 39. Ra2 Ke6 40. Kh3 Rc2 0-1

[Event "Open Portugal 2019"]
[Site "Lisboa POR"]
[Date "2019.02.06"]
[Round "6.107"]
[White "Le Gall, Eric"]
[Black "Alonso Rodríguez, Tristán"]
[Result "0-1"]
[WhiteElo "1758"]
[BlackElo "1370"]
[WhiteFideId "636690"]
[BlackFideId "24594520"]
[WhiteCountry "FRA"]
[BlackCountry "ESP"]
[PlyCount "58"]
[EventDate "2019.02.02"]

1. e4 e5 2. f4 d6 3. Nf3 Nc6 4. Bc4 Nf6 5. d3 a6 6. O-O Na5 7. fxe5 dxe5 8. Bb3
Nxb3 9. axb3 Bd6 10. Bg5 O-O 11. Nc3 c6 12. Qd2 Be6 13. Ne2 Qb6+ 14. Kh1 Nd7 15.
Ng3 f6 16. Be3 Qc7 17. Nh4 Nb6 18. Nhf5 Nc8 19. Nh5 Bxf5 20. Rxf5 Qf7 21. Raf1
Be7 22. R1f3 Nd6 23. Nxg7 Kxg7 24. Bh6+ Kh8 25. Bxf8 Rxf8 26. Rxe5 fxe5 27. Rxf7
Rxf7 28. Kg1 Nxe4 29. dxe4 Bc5+ 0-1

[Event "Open Portugal 2019"]
[Site "Lisboa POR"]
[Date "2019.02.06"]
[Round "6.109"]
[White "Palhas, Miguel Brando"]
[Black "Cabaça, André"]
[Result "0-1"]
[WhiteElo "1416"]
[BlackElo "1705"]
[WhiteFideId "1961349"]
[BlackFideId "1923552"]
[WhiteCountry "POR"]
[BlackCountry "POR"]
[PlyCount "42"]
[EventDate "2019.02.02"]

1. e4 c5 2. Nf3 Nc6 3. d4 cxd4 4. Nxd4 Nf6 5. Nc3 e5 6. Ndb5 d6 7. Nd5 Nxd5 8.
exd5 Nb8 9. Be3 Be7 10. Bd3 f5 11. Nxa7 Rxa7 12. Bxa7 Qa5+ 13. Qd2 Qxa7 14. O-O
O-O 15. c4 Qd4 16. Qc2 Na6 17. a3 Nc5 18. Be2 Qh4 19. b4 Ne4 20. a4 Rf6 21. Ra3
Ng5 0-1

[Event "Open Portugal 2019"]
[Site "Lisboa POR"]
[Date "2019.02.06"]
[Round "6.110"]
[White "Marques, Gilles"]
[Black "Takvorian, Richard"]
[Result "1/2-1/2"]
[WhiteElo "1545"]
[BlackElo "1898"]
[WhiteFideId "665517"]
[BlackFideId "663646"]
[WhiteCountry "FRA"]
[BlackCountry "FRA"]
[PlyCount "39"]
[EventDate "2019.02.02"]

1. d4 d5 2. c4 e6 3. Nf3 Nf6 4. Bg5 Be7 5. e3 O-O 6. Bd3 b6 7. O-O Bb7 8. cxd5
exd5 9. Nbd2 c5 10. Ne5 Nbd7 11. Ndf3 Nxe5 12. Nxe5 Rc8 13. Rc1 Re8 14. Qf3 h6
15. Bxf6 Bxf6 16. Ng4 cxd4 17. Rxc8 Bxc8 18. Nxf6+ Qxf6 19. Qxf6 gxf6 20. exd4
1/2-1/2

[Event "Open Portugal 2019"]
[Site "Lisboa POR"]
[Date "2019.02.06"]
[Round "6.112"]
[White "Costa, Américo"]
[Black "Correia, Pedro Mourão"]
[Result "1-0"]
[WhiteElo "1755"]
[BlackElo "1480"]
[WhiteFideId "1903373"]
[BlackFideId "1959522"]
[WhiteCountry "POR"]
[BlackCountry "POR"]
[PlyCount "125"]
[EventDate "2019.02.02"]

1. d4 Nf6 2. e3 e6 3. Bd3 Nc6 4. f4 b6 5. Nf3 Bb7 6. O-O Be7 7. c3 a5 8. Qe2 Nb8
9. e4 d5 10. e5 Ne4 11. Nbd2 Nxd2 12. Bxd2 Ba6 13. Rae1 Bxd3 14. Qxd3 g6 15. Ng5
Nc6 16. Re2 Qd7 17. Ref2 Nd8 18. g4 Nb7 19. Kh1 c5 20. f5 gxf5 21. gxf5 Bxg5 22.
Bxg5 c4 23. Qc2 h6 24. Bh4 Rg8 25. Qd2 Rh8 26. Qe3 Nd8 27. Qg3 exf5 28. Qg7 Rf8
29. Rxf5 Qe6 30. Bf6 Nc6 31. Qxh6 Ne7 32. R5f3 O-O-O 33. Qh3 Rd7 34. Bxe7 Qxh3
35. Rxh3 Rxe7 36. Rf6 Kc7 37. Rhf3 Rh8 38. Rxf7 Kd7 39. Rxe7+ Kxe7 40. Rf6 Rb8
41. Rd6 b5 42. Rxd5 a4 43. a3 Rb6 44. Rc5 Ke6 45. Kg2 Kf5 46. Kf3 Rh6 47. Rxb5
Rxh2 48. Rb6 Rd2 49. Rf6+ Kg5 50. Ke4 Rxb2 51. Kd5 Rb3 52. Kxc4 Rxa3 53. Rf2 Rb3
54. e6 Rb7 55. d5 a3 56. Ra2 Kf6 57. Rxa3 Ke5 58. Ra5 Kd6 59. Kd4 Rb6 60. c4 Rb8
61. c5+ Ke7 62. Ke5 Rb1 63. Ra7+ 1-0

[Event "Open Portugal 2019"]
[Site "Lisboa POR"]
[Date "2019.02.06"]
[Round "6.113"]
[White "Voges, Guilherme"]
[Black "Lohia, Sohum"]
[Result "0-1"]
[WhiteElo "1455"]
[BlackElo "1727"]
[WhiteFideId "1947680"]
[BlackFideId "5819369"]
[WhiteCountry "POR"]
[BlackCountry "ENG"]
[PlyCount "50"]
[EventDate "2019.02.02"]

1. e4 e5 2. Nf3 d6 3. d4 exd4 4. Nxd4 Nf6 5. Nc3 g6 6. Bc4 Bg7 7. O-O O-O 8. Bg5
h6 9. Bh4 Re8 10. Re1 Nc6 11. Nxc6 bxc6 12. e5 dxe5 13. Qxd8 Rxd8 14. Rxe5 g5
15. Bg3 Nh5 16. Re7 Nxg3 17. Rxf7 Ba6 18. Bb3 c5 19. Rxc7+ c4 20. Bxc4+ Bxc4 21.
Rxc4 Nf5 22. Na4 Rac8 23. Rxc8 Rxc8 24. Rc1 Nd4 25. Nc3 Rxc3 0-1

[Event "Open Portugal 2019"]
[Site "Lisboa POR"]
[Date "2019.02.06"]
[Round "6.114"]
[White "Gonçalves, Carlos"]
[Black "Aizpurua Zufiria, Iñaki"]
[Result "1-0"]
[WhiteElo "1644"]
[BlackElo "1434"]
[WhiteFideId "1912879"]
[BlackFideId "2269791"]
[WhiteCountry "POR"]
[BlackCountry "ESP"]
[PlyCount "93"]
[EventDate "2019.02.02"]

1. Nf3 Nf6 2. g3 d5 3. Bg2 e6 4. O-O c5 5. d3 Nc6 6. c3 Be7 7. Nbd2 O-O 8. Re1
b6 9. a4 a6 10. e4 dxe4 11. Nxe4 Bb7 12. Qc2 h6 13. Nfd2 Qd7 14. Nc4 Nd5 15. Be3
Rab8 16. Qe2 Ba8 17. h4 Rfd8 18. Rad1 Nf6 19. Bf4 e5 20. Nxe5 Nxe5 21. Bxe5 Rbc8
22. Nxf6+ Bxf6 23. Bxa8 Bxe5 24. Bg2 Re8 25. Qc2 Bf6 26. Kf1 Rxe1+ 27. Rxe1 Re8
28. Rxe8+ Qxe8 29. Qd1 a5 30. Qg4 Qe6 31. Qf4 Qe5 32. Qc4 Qd6 33. Qb5 Kf8 34.
Qc4 Qe7 35. Bc6 Qd6 36. Qe4 Be7 37. Bb5 Kg8 38. Bc4 Qf6 39. Qa8+ Bf8 40. Qb7 Be7
41. Kg2 Bf8 42. Bd5 Be7 43. Bc6 Bf8 44. Qxb6 Qd6 45. Qb5 Be7 46. Be4 Bd8 47.
Qe8+ 1-0

[Event "Open Portugal 2019"]
[Site "Lisboa POR"]
[Date "2019.02.06"]
[Round "6.115"]
[White "Machado, Carlos Augusto"]
[Black "Paletta, Giuseppe"]
[Result "0-1"]
[WhiteElo "1412"]
[BlackElo "1620"]
[WhiteFideId "1961039"]
[BlackFideId "804185"]
[WhiteCountry "POR"]
[BlackCountry "ITA"]
[PlyCount "54"]
[EventDate "2019.02.02"]

1. d4 b6 2. c4 Bb7 3. Nc3 e6 4. f3 Bb4 5. Qc2 Nf6 6. e4 d5 7. cxd5 Bxc3+ 8. bxc3
exd5 9. e5 Ng8 10. g3 Ne7 11. Bg5 h6 12. Bc1 O-O 13. f4 Ba6 14. Ne2 Nbc6 15. f5
g5 16. Ba3 Re8 17. h4 g4 18. Nf4 Bc8 19. Bd3 Kh8 20. f6 Ng8 21. O-O Be6 22. Bb5
Bd7 23. Nxd5 Nxd4 24. Qd2 Nxb5 25. Ne7 Be6 26. Qf4 Nxc3 27. Nxg8 Ne2+ 0-1